| 000 | 00000nam##2200000za#4500 |
| 001 | 9.635582 |
| 003 | CaOODSP |
| 005 | 20210624220325 |
| 007 | cr ||||||||||| |
| 008 | 150407|2008||||xxc|||||o f|0| 0 fre|d |
| 020 | |a978-0-662-04505-2 |
| 040 | |aCaOODSP|bfre |
| 043 | |an-cn--- |
| 086 | 1 |aFo144-5/2-2008F-PDF |
| 110 | 1 |aCanada.|bRessources naturelles Canada. |bSecteur des sciences de la Terre. |
| 245 | 10|aDes insectes aux roches : |h[ressource électronique]|bles géosciences pour contrer les effets du dendroctone du pin ponderosa |
| 260 | |aVictoria - Colombie Britannique : |bRessources naturelles Canada. |c[2008]. |
| 300 | |a2p.|bfigures en couleur, photographies |
| 500 | |aLe n° de catalogue (Fo144-5/2-2008F) et l'ISBN (978-0-662-045-4-5) de l'édition imprimée ont été incorrectement copiés dans la publication électronique. |
| 590 | |a12-25-Supp|b2012-06-04 |
| 691 | 07|aGestion forestière|2gcpds |
| 775 | 08|tFrom bugs to rocks : |w(CaOODSP)9.691249 |
| 776 | 0#|tDes insectes aux roches : |w(CaOODSP)9.684325 |
| 856 | 40|ahttp://publications.gc.ca|qPDF|s496 Ko|uhttps://publications.gc.ca/collections/collection_2012/rncan-nrcan/Fo144-5-2-2008-fra.pdf |